Statystyki dla Bhutańskie Dżong'kag (dystrykty)

Kliknij tutaj aby rozwiązać quiz!

Ogólne statystyki

  • Ten quiz został rozwiązany 6 razy
  • Średni wynik to 7 z 20

Statystyki odpowiedzi

Odpowiedź% Poprawnych
Cirang
75%
Gasa
75%
Ha
75%
Punak'a
75%
Bumt'ang
50%
Paro
50%
Samce
50%
Trongsa
50%
Cz'uk'a
25%
Daganang
25%
Lhunce
25%
Monggar
25%
Samdrup Dzongk'ar
25%
Sarpang
25%
Timphu
25%
Wangdu P'odrang
25%
Żemgang
25%
Jangce
0%
Pamagacel
0%
Traszigang
0%

Rozkład punktacji

Percentyl według liczby udzielonych odpowiedzi

Procent ludzi z każdym wynikiem

Twoja historia wyników

Nie rozwiązałeś tego quizu